000 00653nam a2200241Ia 4500
003 OSt
005 20220918213439.0
006 a|||||r|||| 00| 0
007 ta
008 220917b |||||||| |||| 00| 0 eng d
024 _a132,768
037 _cTextual
040 _aARTS
_cARTS
_beng
041 _2eng
_aeng
082 _aX:80bD65,8(B), L7
100 _aAwad Elias M
_9127027
245 0 _aIntroduction to computers in business
260 _aEnglewood
_bCliffs Prentice Hall
_c1977
300 _axii,496p.
_ccm.
650 _aECONOMICS
942 _hX:80bD65,8(B), L7
_cTEXL
_2CC
999 _c255878
_d255878